Empowerment and organisational citizenship behaviour: a mediation analysis (Record no. 115837)

000 -LEADER
fixed length control field 00395pab a2200145 454500
008 - FIXED-LENGTH DATA ELEMENTS--GENERAL INFORMATION
fixed length control field 180718b2017 xxu||||| |||| 00| 0 eng d
100 ## - MAIN ENTRY--PERSONAL NAME
Personal name Priyadharshany, A. Jency
245 ## - TITLE STATEMENT
Title Empowerment and organisational citizenship behaviour: a mediation analysis
260 ## - PUBLICATION, DISTRIBUTION, ETC.
Date of publication, distribution, etc. 2017
300 ## - PHYSICAL DESCRIPTION
Extent p.77-91.
650 ## - SUBJECT ADDED ENTRY--TOPICAL TERM
Topical term or geographic name entry element Nationality
700 ## - ADDED ENTRY--PERSONAL NAME
Personal name Sujatha, S.
773 ## - HOST ITEM ENTRY
Main entry heading Man in India
909 ## -
-- 115843
Holdings
Withdrawn status Lost status Damaged status Not for loan Permanent Location Current Location Date acquired Serial Enumeration / chronology Barcode Date last seen Price effective from Koha item type
        Indian Institute of Public Administration Indian Institute of Public Administration 2018-07-19 Volume no: 97, Issue no: 4 AR116303 2018-07-19 2018-07-19 Articles

Powered by Koha